000 00411nam a22001817a 4500
008 240220b |||||||| |||| 00| 0 eng d
020 _a9788170847960
040 _a30
082 _a612.5 YEO
100 _aYEOLA , GUNVANT
110 _bAYURVEDA
245 _aA TEXTBOOK OF KAYACHIKITSA VOL-1
250 _a1 ST
260 _aDELHI
_bCSP
_c2021
300 _a317
650 _aKAYACHIKITSA
942 _c01
999 _c58320
_d58320